00857nam a2200241 i 450000100060000000300090000600500170001500700030003200800410003502000180007608000470009408000210014110000260016224500790018826000570026730000370032449000450036150400400040660000500044665100560049683000420055285200210059410427ES-MaACL20251015145628.0t|950613s1992 sp ||||1| spa d a84-7914-066-6 a92 Jiménez Cisneros, Francisco, Cardenal a9(46)"1474/1517"1 aGarcía Oro, José.13aEl Cardenal Cisneros b: vida y empresas. nI / cpor José García Oro. aMadrid : bBiblioteca de Autores Cristianos, c1992. aXXXVIII, 498 p., 1 h. ; c20 cm.1 aBiblioteca de autores cristianos ; v520 aBibliografía : p. [XXIX]-XXXVIII.14aJiménez de Cisneros, Francisco, d1436-1517 aEspaña-xHistoria-y1474-1516, Reyes Católicos.00aBiblioteca de autores cristianosv520 aES-MaACLjJ-507